O fio condutor (Registo nº 1304)
[ vista simples ]
| 000 -Etiqueta do registo | |
|---|---|
| Cabeçalho | 01289nam a2200385 4500 |
| 005 - Identificador da versão | |
| Campo de controlo | 20240822202408.0 |
| 010 ## - Número internacional normalizado dos livros (ISBN) | |
| Número (ISBN) | 9728818491 |
| 021 ## - Número do Depósito Legal | |
| Código do país | PT |
| Número | 221647/05 |
| 035 ## - Other System Control Numbers | |
| System Control Number | (bn)1586652 |
| System Control Number | 1586652 |
| 100 ## - Dados gerais de processamento | |
| Dados gerais de processamento | 20070411d2005 a y0pory5003 ba |
| 101 1# - Língua de publicação | |
| Língua do texto, banda sonora, etc. | Português |
| Língua do documento no original | Italiano |
| 102 ## - Pais de publicação ou produção | |
| País de publicação | Portugal |
| 105 ## - Campo de dados codificados: livros | |
| Dados codificados dos livros | a z 000yy |
| 106 ## - Campo de dados codificados: material textual | |
| Dados codificados do material textual | r |
| 200 1# - Titulo e menção de responsabilidade | |
| Título próprio | O fio condutor |
| Informação de outro título | a antecâmara do átomo |
| Primeira menção de responsabilidade | Ana Parisi, Alessandro Tonello |
| Outras menções de responsabilidade | il. Fabio Magnasciutti |
| -- | trad. António Maia da Rocha |
| -- | rev. Maria Manuela Almeida |
| 205 ## - Menção da edição | |
| Menção da edição | 1ª ed |
| 210 ## - Publicação, Distribuição, etc. | |
| Lugar da edição, distribuição, etc. | S. João do Estoril |
| Nome do editor, distribuidor, etc. | Principia |
| Data da publicação, distribuição, etc. | 2005 |
| 215 ## - Descrição física | |
| Indicação específica da natureza do documento e extensão da espécie | 191 p. |
| Outras indicações físicas | il. |
| Dimensões | 21 cm |
| 225 2# - Colecção | |
| Título próprio da colecção | Eureca |
| Indicação de volume | 3 |
| 304 ## - Notas relativas a título e menção de responsabilidade | |
| Texto da nota | Tít. orig.: Il filo conduttore - l'anticamera dell' atomo |
| 606 ## - Nome comum usado como assunto | |
| Número de registo de entrada de autoridade | 0001842 |
| Palavra de ordem | Descobertas científicas |
| Subdivisão de assunto | [Publicações juvenis] |
| Código do sistema | SIPOR |
| Número de registo de entrada de autoridade | 0001843 |
| Palavra de ordem | Física |
| Subdivisão de assunto | [Publicações juvenis] |
| Código do sistema | SIPOR |
| 675 ## - Classificação Decimal Universal (CDU) | |
| Notação | 087.5 |
| Edição | BN |
| Língua da edição | por |
| Notação | 53(0.053.6) |
| Edição | BN |
| Língua da edição | por |
| Notação | 001.92(0.053.6) |
| Edição | BN |
| Língua da edição | por |
| 700 #1 - Nome de autor-pessoa física (responsabilidade principal) | |
| Número de registo de entrada de autoridade | 0001846 |
| Palavra de ordem | Parisi |
| Outra parte do nome não tomada para palavra de ordem | Anna |
| 701 #1 - Nome de autor-pessoa física (co-responsabilidade principal) | |
| Palavra de ordem | Tonello |
| Outra parte do nome não tomada para palavra de ordem | Alessandro |
| Datas | 1972- |
| Código de função | Autor / Co-autor |
| 702 #1 - Nome de autor-pessoa física (responsabilidade secundária) | |
| Número de registo de entrada de autoridade | 0001837 |
| Palavra de ordem | Magnasciutti |
| Outra parte do nome não tomada para palavra de ordem | Fabio |
| Datas | 1966- |
| Código de função | Ilustrador / Técnico de desenho computorizado |
| Número de registo de entrada de autoridade | 0001830 |
| Palavra de ordem | Rocha |
| Outra parte do nome não tomada para palavra de ordem | António Maia da |
| Código de função | Tradutor |
| Número de registo de entrada de autoridade | 0001848 |
| Palavra de ordem | Almeida |
| Outra parte do nome não tomada para palavra de ordem | Maria Manuela |
| Código de função | Autor de recensão / Crítico |
| 942 ## - Elementos de entrada adicionados (Koha) | |
| Tipo de item no Koha | Livro |
| 966 ## - Identificação da Biblioteca | |
| Sigla | NUMETECA |
| Situação do levantamento | Origin of item (home branch) (coded) | Biblioteca de empréstimo | Código de barras | Cota | Circulation type (not for loan) | Tipo de documento | Nota do exemplar | Damaged status |
|---|---|---|---|---|---|---|---|---|
| Biblioteca Escolar Eng. Nuno Mergulhão | Biblioteca Escolar Eng. Nuno Mergulhão | BENM3173 | 2005 | 54 QUI PAR | Livro | Sem mensagem |
